000 00771nam a2200241 i 4500
001 bgj
100 1 _aHALLIWELL, Susan
245 1 0 _aTeaching English in the Primary Classroom /
_cSusan Halliwell.
250 _a[5th impr.].
260 _aLondon :
_bLongman,
_c1996
_aNew York.
300 _a169 pp :
_bill. ;
_c25 cm.
490 1 _aLongman Handbooks for Language Teachers
500 _a1st published in 1992.
650 9 _aEnglish language
_xStudy and teaching (|Elementary)
_xForeign speakers
650 9 _aChildren
_xEducation
_xArt language
830 _aLongman Handbooks for Language Teachers
020 _a0582071097 (pbk)
040 _cBPK
041 0 _aeng
920 _a0-582-07109-7 (pbk)
942 _cKS
008 s uk f |000 0 eng
999 _c48094
_d48094
856 _uhttp://koha.tu.koszalin.pl/cgi-bin/koha/opac-detail.pl?biblionumber=48094
_yKatalog online BPK